Responses for show #4149 - Thursday, September 19, 2002

2002 Back to School Week game 4.

Contestants

Nicole Savin, an eleven-year-old from Lindenhurst, New York

Tory Gilliam, a twelve-year-old from Powhatan, Virginia

Sam Daub, an eleven-year-old from Eden Prairie, Minnesota

Jeopardy! Round responses

(Alex: Not history, but...)
HERSTORY
POP PRINCES & PRINCESSES
ALL ABOUT ANIMALS
LOOSE CHANGE
AIRPLANES
STRANGE "R"s
    $200 7
the Supreme Court

Tory
    $200 1
(Sam: Who is Samantha Mumba?)

Christina Aguilera

Sam
Triple Stumper
    $200 6
goat

Nicole
    $200 16
drum

Sam
    $200 21
bombers

Sam
    $200 26
reflection

Sam
    $400 8
Delilah

Sam
    $400 2
'N Sync

Tory
    $400 9
rocks/stones

Sam
    $400 17
Lincoln Memorial

Tory
    $400 22
vertical

Sam
    $400 27
relief

Tory
    $600 13
patent

Sam
    $600 3
Vitamin C

Sam
    $600 10
cardinals

Triple Stumper
    $600 18
Franklin Delano Roosevelt

Sam
    $1,700 23
(Alex: And we have a minute to go.)

Air Force One

Sam
    $600 28
Reykjavik

Tory
    $800 14
Benjamin Franklin

Tory
    $800 4
the Backstreet Boys

Tory
    $800 11
(barkless) dog

Triple Stumper
    $800 19
E Pluribus Unum

Sam
    $800 24
Wing

Sam
    $800 29
(Sam: What is a rhubarb?)
(Nicole: What is a radish?)
....
[buzzer sounds to end the round]

rutabaga

SamNicole
Triple Stumper
    $1000 15
Amelia Earhart

Tory
    $1000 5
Jessica Simpson

Triple Stumper
    $1000 12
(Nicole: What are tusks?)

horns

ToryNicole
    $1000 20
(Sam: What is a bison penny?)

(buffalo) nickel

Sam
Triple Stumper
    $1000 25
7

Nicole

Scores at the first commercial break (after clue 15):

Sam Tory Nicole
$1,800 $4,200 -$800

Scores at the end of the Jeopardy! Round:

Sam Tory Nicole
$4,900 $5,600 -$600

Double Jeopardy! Round responses

SHAKESPEARE
POPULATIONS
THE SOUTHERN STATES
PEOPLE IN THE NEWS
THE U.S. CONSTITUTION
HOMOPHONES
    $400 26
[buzzer sounds to end the round]

Romeo

Tory
    $400 21
(Tory: What is 20 million?)

2 million

SamTory
    $400 13
the French

Nicole
    $400 1
blindness

Sam
    $400 8
Rhode Island

Tory
    $400 6
arc/ark

Tory
    $800 22
(Alex: Minute to go.)

New York City

Nicole
    $800 17
North Carolina

Tory
    $800 2
Fidel Castro

Tory
    $800 9
the Bill of Rights

Nicole
    $800 7
(Sam: [no response])

toe/tow

SamNicole
    $1200 23
China

Sam
    $1200 18
Tennessee

Tory
    $1200 3
Vladimir Putin

Sam
    $1200 10
Independence Hall

Tory
    $1200 14
(Tory: What is quart...a quart?)
(Alex: The common mineral is quartz, not quart, & it had to satisfy both parts of the clue.)

quartz/quarts

ToryNicole
    $1600 24
California

Tory
    $1600 19
Georgia

Sam
    $1600 4
George Lucas

Sam
    $1600 11
(Tory: Who is James Monroe?)

James Madison

ToryNicole
    $1600 15
mussels/muscles

Tory
    $2000 25
Vatican City

Nicole
    $2000 20
Florida

Tory
    $2000 5
the International Space Station

Tory
    $1,000 12
the vice president

Nicole
    $1,000 16
kernel/colonel

Tory

Scores at the end of the Double Jeopardy! Round:

Sam Tory Nicole
$10,500 $15,800 $8,000

[wagering suggestions for these scores]

Final Jeopardy! Round responses

EXPLORERS
NicoleWho is [Chris]tophe
$5,000
SamWho is Christopher Columbus
$2,000
ToryWho is Coronado
$6,010
Ferdinand Magellan

Final scores:

Sam Tory Nicole
$8,500 $9,790 $3,000
2nd place: $2,000 + a Northstar Portable PC Winner: $10,000 minimum + a Northstar Portable PC 3rd place: $1,000 + a Northstar Portable PC

Game dynamics:

Coryat scores:

Sam Tory Nicole
$9,400 $16,800 $9,000
18 R
(including 1 DD),
4 W
21 R
(including 1 DD),
3 W
10 R
(including 1 DD),
2 W

Combined Coryat: $35,200

The J! Archive is created by fans, for fans. The Jeopardy! game show and all elements thereof, including but not limited to copyright and trademark thereto, are the property of Jeopardy Productions, Inc. and are protected under law. This website is not affiliated with, sponsored by, or operated by Jeopardy Productions, Inc. Join the discussion at JBoard.tv.